Elementary programming with C

Đã lưu trong:
Sonraí Bibleagrafaíochta
Formáid: Sách
Teanga:Undetermined
Foilsithe: [Aptech Limited]  2004
Ábhair:
Clibeanna: Cuir Clib Leis
Gan Chlibeanna, Bí ar an gcéad duine leis an taifead seo a chlibeáil!
Thư viện lưu trữ: Trung tâm Thư viện - Trường Đại học Công nghiệp TP. Hồ Chí Minh
LEADER 00420nam a2200133Ia 4500
001 UIH_07996
008 231011s9999 xx 000 0 und d
082 |a  005.133 
245 0 |a  Elementary programming with C 
260 |b [Aptech Limited] 
260 |c  2004 
650 |a  Ngôn ngữ lập trình; ;  
927 |a Sách 
980 |a Trung tâm Thư viện - Trường Đại học Công nghiệp TP. Hồ Chí Minh